<?xml version="1.0" encoding="UTF-8"?>
<record
    xmlns:xsi="http://www.w3.org/2001/XMLSchema-instance"
    xsi:schemaLocation="http://www.loc.gov/MARC21/slim http://www.loc.gov/standards/marcxml/schema/MARC21slim.xsd"
    xmlns="http://www.loc.gov/MARC21/slim">

  <leader>00437nam a2200145Ia 4500</leader>
  <controlfield tag="001">64431</controlfield>
  <controlfield tag="008">210320n1987    ii  |||gr||||Z||||||465</controlfield>
  <datafield tag="020" ind1=" " ind2=" ">
    <subfield code="a">9780195626162</subfield>
  </datafield>
  <datafield tag="082" ind1=" " ind2=" ">
    <subfield code="a">954</subfield>
  </datafield>
  <datafield tag="100" ind1=" " ind2=" ">
    <subfield code="a">Cohn, Bernard S.,</subfield>
    <subfield code="e">Author.,</subfield>
  </datafield>
  <datafield tag="245" ind1=" " ind2="0">
    <subfield code="a">An anthropologist among the historians and other essays</subfield>
    <subfield code="c">Bernard S. Cohn</subfield>
    <subfield code="h">Textual Documents</subfield>
  </datafield>
  <datafield tag="260" ind1=" " ind2=" ">
    <subfield code="a">New Delhi</subfield>
    <subfield code="b">Oxford Universsity Press</subfield>
    <subfield code="c">1987</subfield>
  </datafield>
  <datafield tag="300" ind1=" " ind2=" ">
    <subfield code="a">xxvi, 682 p.</subfield>
  </datafield>
  <datafield tag="942" ind1=" " ind2=" ">
    <subfield code="2">ddc</subfield>
    <subfield code="c">BK</subfield>
  </datafield>
  <datafield tag="952" ind1=" " ind2=" ">
    <subfield code="0">0</subfield>
    <subfield code="1">0</subfield>
    <subfield code="4">0</subfield>
    <subfield code="7">0</subfield>
    <subfield code="8">Text Books</subfield>
    <subfield code="a">SKBL</subfield>
    <subfield code="b">SKBL</subfield>
    <subfield code="d">2021-03-20</subfield>
    <subfield code="e">08</subfield>
    <subfield code="f">00000</subfield>
    <subfield code="g">945.00</subfield>
    <subfield code="l">0</subfield>
    <subfield code="o">954 C62A</subfield>
    <subfield code="p">2494/cu/soc</subfield>
    <subfield code="r">2024-04-19 12:29:21</subfield>
    <subfield code="t">1</subfield>
    <subfield code="w">2021-03-20</subfield>
    <subfield code="y">BK</subfield>
    <subfield code="z">08</subfield>
  </datafield>
  <datafield tag="999" ind1=" " ind2=" ">
    <subfield code="c">65531</subfield>
    <subfield code="d">65531</subfield>
  </datafield>
</record>
